Responses for show #641 - Monday, May 25, 1987

Contestants

[<< previous game]

Clara Poplin, an attorney from Tampa, Florida

Robin Gillen, a graduate student from Pittsburgh, Pennsylvania

Tim Casey, a graphic artist from St. Paul, Minnesota (whose 1-day cash winnings total $7,799)

Jeopardy! Round responses

LESOTHO
ANIMALS
SPACE & AVIATION
GAME SHOWS
FACTS & FIGURES
WOOD ON THE MAP
    $100 9
spraying foul-smelling stuff

Robin
    $100 1
none

Tim
    $100 8
million dollars

Robin
    $100 14
a pound

Tim
    $100 6
Oakland

Tim
    $200 10
polar bear

Tim
    $200 2
England or Japan

Tim
    $200 17
(Clara: What is CBS?)

NBC

Clara
Triple Stumper
    $200 15
Christmas tree

Robin
    $200 7
Aspen

Clara
    $300 16
gorilla

Clara
    $300 3
(Tim: What is [*]?)
(Alex: Fighter, Bomber, F-19. That's enough. It doesn't exist so you're not supposed to know what it is.)

Stealth

Tim
    $300 18
Card Sharks

Triple Stumper
    $300 21
Landry

Tim
    $300 11
Cedar

Tim
    $400 19
otter

Robin
    $400 4
747

Tim
    $400 24
The Price is Right

Clara
    $400 22
(Tim: What are tourists?)

automobiles

Tim
Triple Stumper
    $400 12
Sequoia

Clara
    $500 20
Madagascar

Tim
    $500 5
(Tim: Who is Goodard? [*].)
[Applause for Tim's run of the category]

(Robert) Goddard

Tim
    $500 25
21

Tim
    $500 23
Pam Ewing

Clara
    $500 13
Deadwood

Tim

Scores at the first commercial break (after clue 9):

Tim Robin Clara
$1,600 $200 $200

Scores at the end of the Jeopardy! Round:

Tim Robin Clara
$3,600 $800 $1,600

Double Jeopardy! Round responses

EXODUS
THE 1930s
HAIL TO THE CHIEF
PUBLISHING
ONE SONG
2-LETTER WORDS
    $200 7
Passover

Tim
    $200 6
Empire State Building

Robin
    $200 22
Woodrow Wilson

Clara
    $200 17
The Washington Post

Robin
    $200 8
"You've Lost that Lovin' Feeling"

Tim
    $200 1
up

Clara
    $400 30
manna

Robin
    $400 13
The Wolf Man

Clara
    $400 26
George Washington

Robin
    $400 18
Pocketbook

Tim
    $400 9
The Righteous Brothers

Tim
    $400 2
Em

Tim
    $600 29
(Tim: Who is John Derek?)

Paul Newman

TimClara
    $600 14
Hindenburg

Tim
    $600 25
Ford

Tim
    $600 19
Detroit

Clara
    $600 10
Kelly McGillis

Tim
    $600 3
"Do-Re-Mi"

Tim
    $800 28
(Tim: Who is Moses?)

Aaron

TimClara
    $800 15
China

Tim
    $2,000 24
(2 of) Garfield & Arthur & Rutherford B. Hayes

Tim
    $800 20
Bennett Cerf

Clara
    $800 11
little things I do

Clara
    $800 4
AB

Clara
    $1000 27
Jethro

Tim
    $1000 16
Ethiopia

Tim
    $1000 23
Millard Fillmore

Tim
    $1000 21
Alice & Jerry

Tim
    $1000 12
(Daryl) Hall & (John) Oates

Tim
    $1,000 5
(Clara: What are [*]...)
(Alex: Right.)
(Clare: ...and fi [sounded like "fye"]? Si [sounded like "see"]?)

(2 of) pi, mu, nu & xi

Clara

Scores at the end of the Double Jeopardy! Round:

Tim Robin Clara
$14,000 $2,000 $5,800
(lock game)

[wagering suggestions for these scores]

Final Jeopardy! Round responses

GEOLOGY
RobinWhat are Hawaii, Washington, & Alaska?
$100
ClaraWhat are Hawaii Washington & Oregon
$0
TimWhat is Washington Hawaii California
$2,000
(3 of) Hawaii, Alaska, Washington, Oregon & California

Final scores:

Tim Robin Clara
$16,000 $2,100 $5,800
2-day champion: $23,799 3rd place: Helbros watches 2nd place: Ricci coffee set & Bernardaud Limoges dinnerware

Game dynamics:

Coryat scores:

Tim Robin Clara
$12,800 $2,000 $6,800
29 R
(including 2 DDs),
3 W
8 R,
0 W
14 R,
2 W
(including 1 DD)

Combined Coryat: $21,600

The J! Archive is created by fans, for fans. The Jeopardy! game show and all elements thereof, including but not limited to copyright and trademark thereto, are the property of Jeopardy Productions, Inc. and are protected under law. This website is not affiliated with, sponsored by, or operated by Jeopardy Productions, Inc. Join the discussion at JBoard.tv.